Gagnant de course de F1 de A à Z - Statistiques

Statistiques générales
  • Ce quiz a été pris 203 fois
  • Le résultat moyen est 13 sur 20
Statistiques - réponses
Hint Réponse % Correct
H Hamilton, Hill, Häkkinen, Hunt, Hulme, Hawthorn, Herbert, Hanks
96%
S Schumacher, Senna, Stewart, Scheckter, Surtees, Sainz, Siffert, Sweikert, Scarfiotti
95%
V Verstappen, Vettel, Villeneuve, Vukovich
92%
A Alonso, Ascari, Andretti, Arnoux, Alboreto, Alesi
91%
P Prost, Piquet, Peterson, Patrese, Pérez, Pironi, Parsons, Pace, Panis
90%
R Rosberg, Räikkönen, Reutemann, Ricciardo, Rindt, Regazzoni, Revson, Rodríguez, Ruttman, Rathmann, Russell
88%
B Button, Brabham, Barrichello, Berger, Bottas, Brooks, Boutsen, Bryan, Baghetti, Bandini, Brambilla, Beltoise, Bonnier
87%
L Lauda, Leclerc, Laffite
87%
G Gurney, González, Gethin, Ginther, Gasly
76%
O Ocon
73%
F Fangio, Fittipaldi, Farina, Frentzen, Fisichella, Flaherty, Fagioli
72%
M Mansell, Moss, Massa, Montoya, McLaren, Musso, Maldonado, Mass
70%
N Nilsson, Nannini, Norris
69%
C Clark, Coulthard, Collins, Cevert
49%
W Webber, Watson, Wallard, Ward
38%
T Trips, Trintignant, Tambay, Taruffi, Trulli
34%
K Kubica, Kovalainen
31%
I Ickx, Irvine, Ireland
30%
J Jones, Jabouille
27%
D Depailler, De Angelis
11%
Aucun quiz correspondant
Distribution des résultats
% des personnes avec chaque résultat
Percentile par nombre de réponses
Votre historique - résultats
Vous n’avez pas pris ce quiz